| 000 | 02337nac a22003251u 4500 | ||
|---|---|---|---|
| 008 | 101021t xxu||||| |||| 00| 0 eng d | ||
| 020 | _a1859647790 | ||
| 020 | _a9781859647790 | ||
| 082 |
_a428.24 _bPHI |
||
| 100 |
_aPhillips, Terry _920565 |
||
| 245 |
_aSkills in English. Listening Student's CDs. Level 1 / _cTerry Phillips |
||
| 250 | _a2nd ed. | ||
| 260 |
_aLondon: _bGarnet education,2004. _c2004. |
||
| 300 |
_f4 sound discs : _adigital, stereo. ; _b4 3/4 in. |
||
| 650 |
_aEnglish language _vTextbooks for foreign speakers _920566 |
||
| 650 |
_aEnglish language _vProblems, exercises, etc. _xGrammar _920567 |
||
| 650 |
_aEnglish language _xstudy and teaching for foreign speakers _920568 |
||
| 942 |
_cCDR _k428.24 PHI _2ddc |
||
| 999 |
_c5078 _d5078 |
||